| 000 | 00510nam a2200169Ia 4500 | ||
|---|---|---|---|
| 005 | 20250424120332.0 | ||
| 008 | 250424s9999 xx 000 0 und d | ||
| 022 | _a22767878 | ||
| 050 | _aBF 335 .P79/ | ||
| 245 | 4 | _aThe psychosocial researcher: journal of th Nigerian society for psychosocial research | |
| 260 | _aImo state, Nigeria | ||
| 260 | _bFasmen communications | ||
| 260 | _c2018 | ||
| 300 | _avi, 249 p. :ill. ; 24 cm. | ||
| 650 | _aAdjustment (Psychology) Social psychology. | ||
| 942 | _cSR | ||
| 999 |
_c38730 _d38730 |
||